Die 107 häufigsten ♂ ♀ Vornamen in Schleswig-Holstein & Hamburg - Statistiken

Allgemein
  • Dieses Quiz wurde 124 mal gespielt
  • Das Durchschnittsergebnis liegt bei 43 aus 109
Antwortstatistiken
♂ /♀ Vorname % Korrekt
Jungen - - > | Mädchen - - > ⤵️
100%
L3 Lia
89%
L3 Leo
85%
L4 Leon
83%
E4 Emil
79%
E4 Emma
78%
L3 Lea
76%
L4 Lena
75%
P4 Paul
75%
M3 Mia
74%
H6 Hannah
73%
M5 Marie
69%
N4 Noah
69%
M3 Max
65%
I3 Ida
64%
J6 Johann
64%
B3 Ben
63%
L5 Lukas
61%
E6 Emilia
60%
K4 Karl
60%
L4 Luca
58%
E4 Ella
57%
T3 Tom
56%
E5 Emily
55%
J4 Jona
55%
L4 Lina
54%
F4 Finn
53%
S6 Sophie
51%
A9 Alexander
49%
C9 Charlotte
49%
M4 Mila
49%
S6 Sophia
49%
H6 Hannes
48%
C4 Carl
47%
M10 Maximilian
47%
P5 Paula
47%
T4 Theo
47%
L5 Louis
46%
M4 Mara
46%
L5 Luisa
45%
J5 Jonas
44%
A5 Anton
43%
L3 Lio
42%
O5 Oskar
42%
C5 Clara
40%
F6 Frieda
40%
L4 Leni
40%
Z3 Zoe
40%
E5 Elias
38%
F5 Felix
38%
L6 Leonie
38%
L5 Lotta
38%
M6 Matteo
38%
A6 Amelie
37%
M4 Maja
36%
C5 Carlo
35%
E4 Erik
35%
J5 Jakob
35%
M8 Mohammed
34%
L4 Liam
33%
M8 Mathilda
33%
L5 Linus
31%
H5 Henry
30%
N4 Nele
30%
L5 Lilly
29%
M4 Mira
29%
N4 Nora
29%
F5 Fiete
28%
J8 Jonathan
28%
L4 Luna
28%
T4 Thea
28%
M4 Mika
26%
D5 David
25%
L4 Levi
25%
C8 Carlotta
24%
J4 Juna
24%
L4 Lian
24%
T5 Tilda
24%
A6 Amelia
22%
E5 Elina
22%
E4 Enno
22%
L5 Lasse
22%
M4 Mats
22%
M4 Milo
22%
J6 Jannis
21%
A7 Antonia
20%
M5 Malia
20%
M5 Milan
20%
A6 Amalia
19%
E6 Emilio
18%
R4 Romy
17%
J5 Jonte
16%
L5 Levin
16%
L3 Liv
16%
L5 Lönne
16%
M6 Malina
16%
M6 Martha
16%
A4 Adam
13%
H6 Hailey
13%
F5 Freya
12%
A4 Alva
8%
M5 Malik
7%
Y4 Ylva
7%
A7 Aaliyah
4%
S6 Smilla
4%
L6 Leevke
1%
M5 Momme
1%
R4 Rune
1%
Keine übereinstimmenden Quizze gefunden
Verteilung der Resultate
Anzahl Personen mit jedem Resultat
Perzentil nach korrekt beantworteten Fragen
Ihre Resultats-Entwicklung
Sie haben dieses Quiz noch nicht gespielt